Villes françaises et régions (lettre B) - Statistiques

Statistiques générales
  • Ce quiz a été pris 27 fois
  • Le résultat moyen est 15 sur 25
Statistiques - réponses
Hint Réponse % Correct
Brest Bretagne
87%
Bastia Corse
87%
Boulogne-Billancourt Île-de-France
83%
Bordeaux Nouvelle-Aquitaine
83%
Belfort Bourgogne-Franche-Comté
74%
Besançon Bourgogne-Franche-Comté
70%
Beaune Bourgogne-Franche-Comté
70%
Blois Centre-Val-de-Loire
70%
Bourges Centre-Val-de-Loire
70%
Bergerac Nouvelle-Aquitaine
70%
Béthune Hauts-de-France
65%
Beauvais Hauts-de-France
65%
Bayeux Normandie
65%
Barfleur Normandie
65%
Bayonne Nouvelle-Aquitaine
65%
Béziers Occitanie
65%
Bron Auvergne-Rhône-Alpes
61%
Brignoles Provence-Alpes-Côte-d'Azur
61%
Brive-la-Gaillarde Nouvelle-Aquitaine
57%
Bar-sur-Aube Grand Est
52%
Bagneux Île-de-France
48%
Briançon Provence-Alpes-Côte-d'Azur
39%
Bolbec Normandie
30%
Bressuire Nouvelle-Aquitaine
26%
Blain Pays-de-la-Loire
22%
Aucun quiz correspondant
Distribution des résultats
% des personnes avec chaque résultat
Percentile par nombre de réponses
Votre historique - résultats
Vous n’avez pas pris ce quiz